THE PROTECTIVE GEAR H.B. (Record no. 740191)

MARC details
000 -LEADER
fixed length control field 00241nam a2200097Ia 4500
008 - FIXED-LENGTH DATA ELEMENTS--GENERAL INFORMATION
fixed length control field 230508s2003 xx 000 0 und d
041 ## - LANGUAGE CODE
Language code of text/sound track or separate title eng
100 ## - MAIN ENTRY--PERSONAL NAME
Personal name M.KAUFMANN
245 ## - TITLE STATEMENT
Title THE PROTECTIVE GEAR H.B.
260 ## - PUBLICATION, DISTRIBUTION, ETC.
Name of publisher, distributor, etc. SIR ISAAC PITMAN & S
Date of publication, distribution, etc. 2003

No items available.